Générique La Brigade des contes de fées - Paroles - Statistiques

Statistiques générales
  • Ce quiz a été pris 5 fois
  • Le résultat moyen est 19 sur 23
Statistiques - réponses
Paroles % Correct
Alors que doit-on {faire} ?
100%
C'est le monde des contes de {fées}
100%
Impossible de les {rater}
100%
La Brigade des contes de {fées}
100%
Mais rien ne va {plus}
100%
Qui s'amusent à mettre la {pagaille}
100%
S'aiment soudain pour la {vie}
100%
Tout devais être pour le {mieux}
100%
Alors l'histoire est {finie}
80%
Attention car ils sont prêt à l'{action}
80%
Au royaume de la {magie}
80%
Croyez-moi, ça va {chauffer}
80%
Ils sauront vite {retrouver}
80%
Ils sont tellement {fantastique}
80%
Lorsque les héros sont {heureux}
80%
Voici venir nos {héros} interféérique
80%
Vous l'avez {compris}
80%
Dans ce beau {pays}
60%
Dans ce paisible {endroit}
60%
Fait tout pour {dépanner} ! FTPD
60%
La trace des {malfrats}
60%
Où princesses et {crapauds} affreux
60%
Le crime {prospère}
40%
Aucun quiz correspondant
Distribution des résultats
% des personnes avec chaque résultat
Percentile par nombre de réponses
Votre historique - résultats
Vous n’avez pas pris ce quiz